000 00838nam a2200265Ia 4500
003 OSt
005 20220925222927.0
006 a|||||r|||| 00| 0
007 ta
008 220923b |||||||| |||| 00| 0 eng d
020 _a1861890974
_c1338.46
037 _bINDXL/RTL/100/07-08, 20/12/2007, Index International
_cGeneral Book
040 _aRTL
_cRTL
_beng
041 _2eng
_aeng
082 _aU218.561.N, N8/TD
100 _aMatless David
_9288581
245 0 _aLandscpaes and Englishness
260 _aLondon
_bReaktion Books Ltd.
_c1998
300 _a367p
_ccm.
490 _aPicturing History
500 _aBibliography P 285-356
650 _aGeography
942 _hU218.561.N, N8/TD
_cGB
_2CC
999 _c578170
_d578170